01128nam a2200265 a 4500001001000000003000500010005001700015008004100032010001100073011001100084040000900095100004300104245023400147260003900381500006000420502011700480650002600597650003000623650002400653650003600677650003300713650003400746650001200780856007000792000110372CHAP20220329144129.0140822s2014 mx a |r| ||||||spa d a106834 a107806 cCHAP1 aLópez Sántiz, Francisco de Jesús10aComportamiento productivo de cerdos criados en un sistema en exterior en condición de trópico seco con la inclusión de vainas de Enterolobium cyclocarpum en la dietah[En línea]cpor Francisco de Jesús López Sántiz. aMérida, Yuc. :bEl autor,c2014. aPara ver el contenido del material haga clic en la liga aTesis (Ing. Agr. Esp. en Zonas Tropicales) -- UACH. Centro Regional Universitario de la Península de Yucatán14aÁrboles tropicales.14aEnterolobium cyclocarpum.14aForrajesxMéxico.14aGanado porcinoxAlimentación.14aGanado porcinoxNutrición.14aGanado porcinoxProducción.14aVainas. aFinding aiduhttp://10.13.5.2/tesis/sist110372.pdfzTeclea aquí